Taco Hemingway Quiz - Statystyki

Ogólne statystyki
  • Ten quiz został rozwiązany 180 razy
  • Średni wynik to 6 z 9
Statystyki odpowiedzi
Hint Odpowiedź % Poprawnych
W jakim roku wydał ''Trójkąt Warszawski'' 2014
99%
Imię i nazwisko Filip Szcześniak
99%
W jakim mieście się urodził Kair
95%
Na jakim stadionie zagrał koncert promujący płytę 1-800 oświecenie PGE Narodowy
94%
Kto jest jego najbardziej znanym producentem Rumak
72%
Jak nazywa się jego obecna dziewczyna Iga Lis
66%
Jak nazywa się wydawnictwo które wydało ''Marmur'' Asfalt Records
32%
Pod jakim pseudonimem występował zanim nazwał się Taco Hemingway Foodvillain
32%
Jakie studia ukończył? Kulturoznastwo
15%
Nie znaleziono quizów pasujących do podanych kryteriów
Rozkład punktacji
Procent ludzi z każdym wynikiem
Percentyl według liczby udzielonych odpowiedzi
Twoja historia wyników
Nie rozwiązałeś tego quizu